Genética

Uloženo v:
Podrobná bibliografie
Hlavní autoři: Griffiths, Anthony J. F (Autor), Lewontin, Richard C (Autor)
Další autoři: Miller, Jeffrey H, Suzuki, David T, Gelbart, William M
Médium: Kniha
Jazyk:španělština
Vydáno: Madrid, España McGraw Hill Interamericana 2002
Vydání:Tercera edición
Témata:
Tagy: Přidat tag
Žádné tagy, Buďte první, kdo vytvoří štítek k tomuto záznamu!

MARC

LEADER 00000nam a2200000 a 4500
001 UCL1956
003 CL-VaPUC
005 20241023145544.0
008 030926e20020000SP |||||||||||||||||spa|d
999 |c 305388  |d 305386 
020 |a 8448603680 
040 |c Pontificia Universidad Católica de Valparaíso 
082 0 4 |a 572.8 GRI 2002  |2 21 
100 |a Griffiths, Anthony J. F  |e author  |9 478970 
245 1 0 |a Genética 
250 |a Tercera edición 
260 0 3 |a Madrid, España  |b McGraw Hill Interamericana  |c 2002 
300 |a 860 páginas 
583 |a last modification  |c 20030926 00:00:00  |k Rodrigo Vera 
650 0 |a Genética molecular  |9 269770 
650 0 |a Genes  |9 330314 
650 0 |a Herencia  |9 256325 
650 0 |a Evolución  |9 259442 
700 0 |a Miller, Jeffrey H  |9 478971 
700 0 |a Suzuki, David T  |9 478972 
700 |a Lewontin, Richard C  |e author  |9 478973 
700 0 |a Gelbart, William M  |9 478974 
942 |c BK  |2 ddc 
945 |d 20030926 00:00:00  |a cmena 
952 |0 0  |1 0  |2 ddc  |4 0  |6 572_800000000000000_GRI_2002  |7 0  |8 A  |9 369237  |a BIBCUR  |b BIBCUR  |d 2019-11-21  |i 3946258  |l 3  |o 572.8 GRI 2002  |p 3946258  |r 2025-04-22  |s 2024-05-08  |t 1  |w 2019-11-21  |y BK  |k BIO